| 000 | 00649nam a2200241Ia 4500 | ||
|---|---|---|---|
| 003 | OSt | ||
| 005 | 20220925200524.0 | ||
| 006 | a|||||r|||| 00| 0 | ||
| 007 | ta | ||
| 008 | 220923b |||||||| |||| 00| 0 eng d | ||
| 037 | _cGeneral Book | ||
| 040 |
_aRTL _cRTL _beng |
||
| 041 |
_2eng _aeng |
||
| 082 | _aY7, L9 | ||
| 100 | _aVidyarathi L P | ||
| 245 | 0 | _aTrends in world anthropology | |
| 260 |
_aDelhi _bConcept Pub. India _c1979 |
||
| 300 |
_a112p _ccm. |
||
| 500 | _aBibliography:P 84-07; Appendix:P81-83; Index:P108-16 | ||
| 650 | _aRace | ||
| 942 |
_hY7, L9 _cGB _2CC |
||
| 999 |
_c536931 _d536931 |
||